[Event "Memorial Archil Ebralidze (cat.7)"]
[Site "Tbilisi (Georgia)"]
[Date "2007.04.04"]
[Round "2"]
[White "Babujian Levon (ARM)"]
[Black "Chibukhchian Artur (ARM)"]
[Result "1/2-1/2"]
[WhiteElo "2413"]
[BlackElo "2419"]
[PlyCount "66"]
[EventDate "2007.??.??"]
[Source "www.chesslib.no"]
[SourceDate "2004.05.04"]

1. e4 c5 2. Nf3 e6 3. d4 cxd4 4. Nxd4 Nf6 5. Nc3 Nc6 6. Ndb5 Bb4 7. Nd6+ Ke7 8. Bf4 e5 9. Nf5+ Kf8 10. Bg5 d5 11. exd5 Bxf5 12. dxc6 Qxd1+ 13. Rxd1 bxc6 14. Bd3 Be6 15. O-O Nd5 16. Ne2 f5 17. Bc1 Kf7 18. c4 Nb6 19. b3 Be7 20. Bc2 Rhd8 21. Bb2 Bf6 22. f4 e4 23. Bxf6 Kxf6 24. Nd4 Bd7 25. Kf2 c5 26. Ne2 Bc6 27. Ke3 a5 28. Nc3 h5 29. g3 Ke6 30. h3 g6 31. Rg1 Rxd1 32. Bxd1 Kf6 33. Nb5 Ke7 1/2-1/2

[Event "Prokojevsk2"]
[Site "Prokojevsk"]
[Date "1998.??.??"]
[Round "?"]
[White "Mukharev, Ivan"]
[Black "Karpov, Alexander"]
[Result "1-0"]
[WhiteElo "2285"]
[BlackElo "2370"]
[PlyCount "65"]
[EventDate "1998.??.??"]
[Source "www.chesslib.no"]
[SourceDate "2004.05.04"]

1. e4 c5 2. Nf3 e6 3. d4 cxd4 4. Nxd4 Nf6 5. Nc3 Nc6 6. Ndb5 Bb4 7. Nd6+ Ke7 8. Bf4 e5 9. Nf5+ Kf8 10. Bd2 d6 11. Ng3 Be6 12. Bd3 h5 13. a3 Ba5 14. h3 h4 15. Nge2 Rc8 16. f4 exf4 17. Nxf4 Ne5 18. Qe2 Bc4 19. O-O Bxd3 20. cxd3 Kg8 21. Ncd5 Nxd5 22. Nxd5 Bxd2 23. Qxd2 Rh6 24. d4 Nc6 25. Qf4 Nxd4 26. Qxf7+ Kh7 27. Rf2 Qg5 28. Qxb7 Rc1+ 29. Rxc1 Qxc1+ 30. Kh2 Qg5 31. Qf7 Rg6 32. Ne7 Qg3+ 33. Kg1 1-0

[Event "Helsinki Ch"]
[Site "Helsinki FIN"]
[Date "1992.??.??"]
[Round "?"]
[White "Sorri, Kari Juhani"]
[Black "Kivisto, Mikko"]
[Result "1-0"]
[WhiteElo "2340"]
[BlackElo "2270"]
[PlyCount "65"]
[EventDate "1992.??.??"]
[Source "www.chesslib.no"]
[SourceDate "2004.05.04"]

1. e4 c5 2. Nf3 e6 3. d4 cxd4 4. Nxd4 Nf6 5. Nc3 Nc6 6. Ndb5 Bb4 7. Nd6+ Ke7 8. Bf4 e5 9. Nf5+ Kf8 10. Bg5 d5 11. Ng3 d4 12. a3 Ba5 13. b4 Nxb4 14. axb4 Bxb4 15. Nge2 Qe7 16. Rb1 a5 17. Qd3 dxc3 18. Rd1 Be6 19. f4 h6 20. Bxf6 gxf6 21. f5 Bb3 22. Ng3 h5 23. Be2 h4 24. Nh5 Rc8 25. O-O Bc4 26. Qf3 b5 27. Bxc4 Rxc4 28. Qg4 Rg8 29. Qxh4 Qa7+ 30. Kh1 Be7 31. Nxf6 Qe3 32. Rd3 Rxe4 33. Qxe4 1-0

[Event "Bonneweg"]
[Site "Luxembourg"]
[Date "1982.??.??"]
[Round "7"]
[White "Van Hyfte, Etienne"]
[Black "Glatt, Gabor"]
[Result "0-1"]
[WhiteElo "2200"]
[BlackElo "2375"]
[PlyCount "54"]
[EventDate "1982.09.05"]
[Source "www.chesslib.no"]
[SourceDate "2004.05.04"]

1. e4 c5 2. Nf3 e6 3. d4 cxd4 4. Nxd4 Nf6 5. Nc3 Nc6 6. Ndb5 Bb4 7. Nd6+ Ke7 8. Bf4 e5 9. Nf5+ Kf8 10. Bg5 Qa5 11. Bd3 d5 12. Ng3 d4 13. a3 Be7 14. b4 Nxb4 15. axb4 Qxb4 16. O-O Qxc3 17. Bd2 Qc7 18. Ne2 h6 19. c3 dxc3 20. Nxc3 Bd7 21. Qe2 g6 22. Rfc1 Qd6 23. Nd5 Nxd5 24. exd5 Bg5 25. Rc2 Bxd2 26. Rxd2 Kg7 27. Bb5 Rhd8 0-1

[Event "Cseppko Open"]
[Site "Aggtelek"]
[Date "1995.??.??"]
[Round "?"]
[White "Sleisz, Tamas"]
[Black "Dekany, Lajos"]
[Result "1/2-1/2"]
[WhiteElo "2285"]
[BlackElo "2245"]
[PlyCount "32"]
[EventDate "1995.??.??"]
[Source "www.chesslib.no"]
[SourceDate "2004.05.04"]

1. e4 c5 2. Nf3 Nc6 3. d4 cxd4 4. Nxd4 Nf6 5. Nc3 e6 6. Ndb5 Bb4 7. Nd6+ Ke7 8. Bf4 e5 9. Nf5+ Kf8 10. Bg5 d5 11. Bb5 Qa5 12. O-O Nxe4 13. Nxe4 Bxf5 14. Ng3 Be6 15. Bxc6 bxc6 16. a3 Bd6 1/2-1/2

[Event "Son Dameto (Spain)"]
[Site "?"]
[Date "2004.01.10"]
[Round "5"]
[White "Galiana Juan Ramon"]
[Black "Serra Olives Tomas"]
[Result "0-1"]
[WhiteElo "2257"]
[BlackElo "2200"]
[PlyCount "80"]
[EventDate "2004.??.??"]
[Source "www.chesslib.no"]
[SourceDate "2004.05.04"]

1. e4 c5 2. Nf3 Nc6 3. Nc3 e6 4. d4 cxd4 5. Nxd4 Nf6 6. Ndb5 Bb4 7. Nd6+ Ke7 8. Nxc8+ Rxc8 9. Bd3 Re8 10. O-O Kf8 11. f4 d6 12. Qf3 Kg8 13. Kh1 Nd4 14. Qh3 e5 15. fxe5 dxe5 16. Rxf6 gxf6 17. Nd5 Bf8 18. c3 Nc6 19. Bh6 Re6 20. Bxf8 Qxf8 21. Rf1 Qd6 22. Be2 Ne7 23. Bg4 Nxd5 24. exd5 Qxd5 25. Bf5 Qc4 26. Bd3 Qc6 27. Qxh7+ Kf8 28. Be4 Qc4 29. Re1 Rd8 30. h4 Red6 31. Bc2 Qg4 32. Bb3 Qg6 33. Qxg6 fxg6 34. g4 Rd2 35. g5 fxg5 36. hxg5 Rxb2 37. Rf1+ Ke7 38. Rf7+ Kd6 39. Rf6+ Kc5 40. Rxg6 Rdd2 0-1

[Event "Leiner op"]
[Site "Leiner"]
[Date "1996.??.??"]
[Round "4"]
[White "Doskocil, Klaus"]
[Black "Peisser, Manfred"]
[Result "1-0"]
[WhiteElo "2240"]
[BlackElo "2205"]
[PlyCount "53"]
[EventDate "1996.??.??"]
[Source "www.chesslib.no"]
[SourceDate "2004.05.04"]

1. e4 c5 2. Nf3 e6 3. d4 cxd4 4. Nxd4 Nf6 5. Nc3 Nc6 6. Ndb5 Bb4 7. Nd6+ Ke7 8. Bf4 e5 9. Nf5+ Kf8 10. Bg5 d5 11. Bxf6 Qxf6 12. Qxd5 Bxf5 13. exf5 Rd8 14. Qe4 Rd4 15. Qe3 Qxf5 16. Bd3 e4 17. Be2 Bc5 18. O-O Rb4 19. Qc1 Nd4 20. a3 Rb6 21. b4 Rg6 22. Kh1 Bd6 23. Qd2 Rh6 24. f4 exf3 25. Bxf3 Qe5 26. g3 Qxg3 27. Qxh6 1-0

[Event "Hallsberg Open 9394  U18"]
[Site "Hallsberg SWE"]
[Date "1993.??.??"]
[Round "2"]
[White "Wikner, Arvid"]
[Black "Protaziuk, Grzegorz"]
[Result "1/2-1/2"]
[WhiteElo "2215"]
[BlackElo "2220"]
[PlyCount "132"]
[EventDate "1993.??.??"]
[Source "www.chesslib.no"]
[SourceDate "2004.05.04"]

1. e4 c5 2. Nc3 e6 3. Nf3 Nc6 4. d4 cxd4 5. Nxd4 Nf6 6. Ndb5 Bb4 7. Nd6+ Ke7 8. Nxc8+ Rxc8 9. Bd3 Ne5 10. O-O Nxd3 11. Qxd3 Bxc3 12. bxc3 Qa5 13. c4 Rhd8 14. Ba3+ d6 15. Rab1 Nxe4 16. Qxe4 Qxa3 17. Qh4+ Kf8 18. Qxh7 b6 19. Rb3 Qxa2 20. Rg3 Qb2 21. c3 Qd2 22. f4 g6 23. Qh4 Kg7 24. f5 exf5 25. Rxf5 Qe1+ 26. Rf1 Qe6 27. Rgf3 Rf8 28. Rf4 Rc5 29. Kh1 Re5 30. Rf6 Re4 31. Qf2 Qe7 32. h4 Re6 33. Rf4 Re2 34. Qf3 Re1 35. Rxe1 Qxe1+ 36. Kh2 Qe5 37. g3 Qe6 38. Re4 Qd7 39. Qe3 Qf5 40. g4 Qc5 41. Qf3 d5 42. cxd5 Qxd5 43. c4 Qd2+ 44. Re2 Qd6+ 45. Kg2 Qf6 46. Qxf6+ Kxf6 47. g5+ Kg7 48. Re7 Rc8 49. Rxa7 Rxc4 50. Kg3 b5 51. Rb7 b4 52. Kh3 Kf8 53. Kg3 Rc3+ 54. Kg4 Rb3 55. h5 gxh5+ 56. Kxh5 Rb1 57. g6 fxg6+ 58. Kxg6 b3 59. Kf6 Ke8 60. Ke6 Kd8 61. Rd7+ Kc8 62. Rd2 Rc1 63. Rb2 Rc3 64. Kd5 Rh3 65. Kc4 Kc7 66. Rxb3 Kd6 1/2-1/2

[Event "Ch Spain"]
[Site "Matalascanas ESP"]
[Date "1995.??.??"]
[Round "9"]
[White "Ruiz Diez, Julio Cesar"]
[Black "Cuesta Navarro Santiago"]
[Result "1-0"]
[WhiteElo "2185"]
[BlackElo "2240"]
[PlyCount "43"]
[EventDate "1995.??.??"]
[Source "www.chesslib.no"]
[SourceDate "2004.05.04"]

1. e4 c5 2. Nf3 e6 3. d4 cxd4 4. Nxd4 Nf6 5. Nc3 Nc6 6. Ndb5 Bb4 7. Nd6+ Ke7 8. Nxc8+ Rxc8 9. Bd3 d5 10. exd5 Nxd5 11. O-O Ne5 12. Ne4 Nxd3 13. Qxd3 Nf6 14. Qb3 Nxe4 15. Qxb4+ Nc5 16. Be3 b6 17. Rad1 Qc7 18. Bf4 Qc6 19. Bd6+ Ke8 20. Qg4 g6 21. Qd4 Rg8 22. Qh4 1-0

[Event "Aix Les Bains FRA"]
[Site "?"]
[Date "2006.??.??"]
[Round "2.3"]
[White "Garro Pierre"]
[Black "Delorme Alban"]
[Result "0-1"]
[WhiteElo "2126"]
[BlackElo "2298"]
[PlyCount "80"]
[EventDate "2006.??.??"]
[Source "www.chesslib.no"]
[SourceDate "2004.05.04"]

1. e4 c5 2. Nf3 Nc6 3. d4 cxd4 4. Nxd4 Nf6 5. Nc3 e6 6. Ndb5 Bb4 7. Nd6+ Ke7 8. Nxc8+ Rxc8 9. Bd2 Bxc3 10. Bxc3 Nxe4 11. Bxg7 Rg8 12. Bh6 Qb6 13. Be3 Qxb2 14. Bd3 Nc3 15. Qc1 Qxc1+ 16. Bxc1 Rxg2 17. Kf1 Rg4 18. h3 Ra4 19. Rg1 Ne5 20. Bxh7 Rh8 21. Rg7 Kf6 22. Rg3 Rxh7 23. Rxc3 Rc4 24. Rxc4 Nxc4 25. Kg2 d5 26. Rb1 b6 27. Rb3 e5 28. Rf3+ Ke6 29. Rg3 f6 30. Rg8 Nd6 31. Ra8 Rc7 32. Ba3 Rxc2 33. Bxd6 Kxd6 34. Rxa7 d4 35. Ra3 e4 36. Kf1 d3 37. Ra8 Ke5 38. Ke1 Rc1+ 39. Kd2 Rf1 40. Ke3 Re1+ 0-1

[Event "Dresden (22.02.-28.02)"]
[Site "?"]
[Date "2004.02.??"]
[Round "4"]
[White "Krieger Hermann"]
[Black "Villing Dieter"]
[Result "1/2-1/2"]
[WhiteElo "2267"]
[BlackElo "2157"]
[PlyCount "75"]
[EventDate "2004.??.??"]
[Source "www.chesslib.no"]
[SourceDate "2004.05.04"]

1. e4 c5 2. Nf3 Nc6 3. d4 cxd4 4. Nxd4 Nf6 5. Nc3 e6 6. Ndb5 Bb4 7. Nd6+ Ke7 8. Nxc8+ Rxc8 9. Bd2 Bxc3 10. Bxc3 Nxe4 11. Bxg7 Qb6 12. Qf3 Rhg8 13. Qxe4 Rxg7 14. Bd3 Qxb2 15. O-O Qd4 16. Rab1 Qxe4 17. Bxe4 b6 18. f4 f6 19. Rbe1 Na5 20. Rf3 Rc5 21. Kf2 d5 22. Bf5 Rc6 23. Rfe3 e5 24. fxe5 fxe5 25. Rxe5+ Kd6 26. g4 Nc4 27. Re6+ Kc5 28. Rxc6+ Kxc6 29. Kf3 Kc5 30. Re6 a5 31. Rh6 Nd6 32. Bd3 Ne4 33. h4 Kd4 34. Rxb6 Rf7+ 35. Kg2 Rf2+ 36. Kh3 Rf3+ 37. Kh2 Rf2+ 38. Kh3 1/2-1/2

[Event "ESP-ch U20"]
[Site "Mondariz Balneario"]
[Date "2002.08.30"]
[Round "3"]
[White "Trujillo Delgado, Dafnae Lorena"]
[Black "Moreno Tejera, Emilio"]
[Result "0-1"]
[WhiteElo "2057"]
[BlackElo "2365"]
[PlyCount "32"]
[EventDate "2002.08.28"]
[Source "ChessBase"]
[SourceDate "2002.11.06"]

1. e4 c5 2. Nf3 e6 3. d4 cxd4 4. Nxd4 Nf6 5. Nc3 Nc6 6. Ndb5 Bb4 7. Nd6+ Ke7 8. Nxc8+ Rxc8 9. Bd2 Bxc3 10. Bxc3 Nxe4 11. Bxg7 Rg8 12. Bd4 Qa5+ 13. c3 Nxd4 14. Qxd4 Nxc3 15. bxc3 Rxc3 16. Qd2 Rg5 0-1

[Event "Warsaw-ch"]
[Site "Warsaw"]
[Date "1998.05.25"]
[Round "3"]
[White "Szewczyk, Mariusz"]
[Black "Witkowski, Stefan"]
[Result "1/2-1/2"]
[WhiteElo "2165"]
[BlackElo "2250"]
[PlyCount "34"]
[EventDate "1998.??.??"]
[Source "www.chesslib.no"]
[SourceDate "2004.05.04"]

1. e4 c5 2. Nf3 Nc6 3. d4 cxd4 4. Nxd4 Nf6 5. Nc3 e6 6. Ndb5 Bb4 7. Nd6+ Ke7 8. Nxc8+ Rxc8 9. Bd3 Ne5 10. O-O d5 11. exd5 Nxd5 12. Ne4 Nf6 13. Bg5 h6 14. Bh4 g5 15. Nxf6 Kxf6 16. Bg3 Nxd3 17. cxd3 Qd5 1/2-1/2

[Event "Buenos Aires CAJM  IRT I"]
[Site "Buenos Aires"]
[Date "1999.09.15"]
[Round "8"]
[White "Mela, Benjamin"]
[Black "Albarran, Gustavo"]
[Result "1-0"]
[WhiteElo "2203"]
[BlackElo "2194"]
[PlyCount "57"]
[EventDate "1999.08.12"]
[Source "www.chesslib.no"]
[SourceDate "2004.05.04"]

1. e4 c5 2. Nf3 e6 3. d4 cxd4 4. Nxd4 Nf6 5. Nc3 Nc6 6. Ndb5 Bb4 7. Nd6+ Ke7 8. Nxc8+ Qxc8 9. Bd3 Rd8 10. O-O d5 11. exd5 Nxd5 12. Ne4 Ne5 13. a3 Nxd3 14. Qxd3 Ba5 15. Qg3 Kf8 16. Qh4 Qxc2 17. Qxh7 Ne7 18. Bh6 Qxb2 19. Rab1 Qe5 20. Rb5 Rd5 21. Qh8+ Ng8 22. Rxd5 exd5 23. Nc5 Rd8 24. Nxb7 Bc7 25. Bd2 f6 26. Bb4+ Kf7 27. Nxd8+ Bxd8 28. Re1 Qc7 29. Qh5+ 1-0

[Event "Rheinland-A"]
[Site "Heimbach Weis"]
[Date "1997.??.??"]
[Round "6"]
[White "Muellen, Armin"]
[Black "Czeratzki, Michael"]
[Result "0-1"]
[WhiteElo "2180"]
[BlackElo "2215"]
[PlyCount "138"]
[EventDate "1997.04.??"]
[Source "www.chesslib.no"]
[SourceDate "2004.05.04"]

1. e4 e6 2. d4 c5 3. Nf3 cxd4 4. Nxd4 Nc6 5. Nc3 Bb4 6. Ndb5 Nf6 7. Nd6+ Ke7 8. Bf4 Qa5 9. Qd3 Ne5 10. Qg3 Bxd6 11. O-O-O Nh5 12. Qh4+ f6 13. Rxd6 Nxf4 14. Rd2 g5 15. Qg3 Qc5 16. Na4 Qb4 17. Nc3 a6 18. h4 Nf7 19. hxg5 fxg5 20. Qe3 b6 21. g3 Ng6 22. f4 Bb7 23. Rd4 Qc5 24. Na4 gxf4 25. gxf4 Qc7 26. Nxb6 Rad8 27. Kb1 Nxf4 28. Bxa6 Bxa6 29. Qa3+ Ke8 30. Qxa6 Rb8 31. Nc4 e5 32. Rd2 Qc6 33. Qxc6 dxc6 34. Rf1 Rg8 35. Rh2 Rg7 36. b3 Ng6 37. a4 Ke7 38. Kb2 Ke6 39. Rfh1 Rh8 40. a5 Nd6 41. Nd2 Kd7 42. c3 c5 43. Rh5 Nf4 44. R5h2 h5 45. Nf3 Ke6 46. Nd2 Rg4 47. a6 h4 48. Kc2 h3 49. b4 cxb4 50. cxb4 Ra8 51. Ra1 Rg2 52. Rxg2 hxg2 53. Nb3 Nh3 54. Nc5+ Ke7 55. Kb3 g1=Q 56. Rxg1 Nxg1 57. Ka4 Nxe4 58. Nxe4 Rxa6+ 59. Kb5 Rh6 60. Kc5 Kd7 61. b5 Nf3 62. b6 Rc6+ 63. Kb5 Nd4+ 64. Ka6 Kc8 65. Ka7 Nb5+ 66. Ka6 Nd6 67. Nf6 Rc1 68. Ka5 Kb7 69. Nd7 e4 0-1

[Event "Moscow ol (Men)"]
[Site "Moscow"]
[Date "1994.??.??"]
[Round "3"]
[White "Al Hantouli, Firas"]
[Black "Norris, Damian C"]
[Result "0-1"]
[WhiteElo "2205"]
[BlackElo "2170"]
[PlyCount "118"]
[EventDate "1994.11.??"]
[Source "ChessBase"]

1. e4 c5 2. Nf3 Nc6 3. d4 cxd4 4. Nxd4 Nf6 5. Nc3 e6 6. Ndb5 Bb4 7. Nd6+ Ke7 8. Nxc8+ Rxc8 9. Bd3 Ne5 10. O-O Nxd3 11. Qxd3 Qc7 12. Bg5 h6 13. Bh4 Bxc3 14. bxc3 g5 15. Bg3 e5 16. Rfd1 d6 17. Rab1 b6 18. f3 Rhd8 19. Qa6 Rd7 20. Rd3 Qc4 21. Qxc4 Rxc4 22. Rb3 Ra4 23. a3 Rc7 24. Bf2 Nd7 25. Kf1 Nb8 26. Be3 Nc6 27. Bc1 Rc4 28. Bb2 Na5 29. Rb4 R4c6 30. Ke2 Nb7 31. a4 a5 32. Rb5 Nc5 33. c4 Nxa4 34. Ba3 Nc5 35. Bxc5 Rxc5 36. Rxb6 Rxc4 37. Rdxd6 Rxc2+ 38. Rd2 f6 39. Ra6 R2c5 40. g4 R7c6 41. Ra7+ Rc7 42. Ra6 Rb5 43. h3 Rb1 44. Rxa5 Rh1 45. Ra8 Kf7 46. Rdd8 Kg6 47. Rg8+ Rg7 48. Rxg7+ Kxg7 49. Ra7+ Kg6 50. Kf2 Rxh3 51. Kg2 Rh4 52. Ra1 h5 53. gxh5+ Kxh5 54. Kg3 Kg6 55. Ra7 Rf4 56. Ra4 Kf7 57. Ra7+ Ke6 58. Rg7 Kd6 59. Kf2 g4 0-1

[Event "Open"]
[Site "?"]
[Date "1996.??.??"]
[Round "7"]
[White "Kozlova Olga"]
[Black "Kocsis Levente"]
[Result "1/2-1/2"]
[WhiteElo "2055"]
[BlackElo "2315"]
[PlyCount "34"]
[EventDate "1996.??.??"]
[Source "www.chesslib.no"]
[SourceDate "2004.05.04"]

1. e4 c5 2. Nf3 Nc6 3. d4 cxd4 4. Nxd4 Nf6 5. Nc3 e6 6. Ndb5 Bb4 7. Nd6+ Ke7 8. Nxc8+ Rxc8 9. Bd3 d5 10. exd5 Qxd5 11. O-O Qh5 12. Qxh5 Nxh5 13. Bd2 Rhd8 14. Rad1 Ne5 15. Nd5+ Rxd5 16. Bxb4+ Ke8 17. Bc3 Nf4 1/2-1/2

[Event "29.Gold-Cup Meran op"]
[Site "?"]
[Date "2001.??.??"]
[Round "7"]
[White "Schiffer Steve"]
[Black "Kaimer Thomas"]
[Result "1/2-1/2"]
[WhiteElo "2097"]
[BlackElo "2268"]
[PlyCount "102"]
[EventDate "2001.??.??"]
[Source "www.chesslib.no"]
[SourceDate "2004.05.04"]

1. e4 c5 2. Nf3 Nc6 3. d4 cxd4 4. Nxd4 Nf6 5. Nc3 e6 6. Ndb5 Bb4 7. Nd6+ Ke7 8. Nxc8+ Rxc8 9. Bd3 Re8 10. O-O Kf8 11. f4 d5 12. e5 Bxc3 13. bxc3 Ne4 14. Qe1 Kg8 15. Bxe4 dxe4 16. Qxe4 Na5 17. Be3 Rxc3 18. Rfd1 Qc8 19. Bxa7 Rxc2 20. Qa4 Qc6 21. Qxc6 Nxc6 22. Be3 h6 23. Kf1 Nb4 24. Rd2 Rec8 25. Ke2 Nd5 26. g3 Kh7 27. Rxc2 Rxc2+ 28. Bd2 b5 29. Kd1 Rc4 30. Rb1 Ra4 31. Rxb5 Rxa2 32. Rb7 Ra1+ 33. Ke2 Kg6 34. g4 Rh1 35. f5+ exf5 36. gxf5+ Kxf5 37. Rxf7+ Kxe5 38. Rxg7 Rxh2+ 39. Ke1 h5 40. Ba5 Ke4 41. Kf1 Ra2 42. Bd8 Kf3 43. Kg1 Ra8 44. Bh4 Ra1+ 45. Kh2 Ra2+ 46. Kh1 Ra4 47. Rg3+ Kf4 48. Rg5 Ra1+ 49. Kh2 Nf6 50. Kg2 Ra2+ 51. Kg1 Ra1+ 1/2-1/2

[Event "Plzen Open U18"]
[Site "Plzen CZE"]
[Date "1995.??.??"]
[Round "8"]
[White "Hitzgerova, Gabriela"]
[Black "Ptacnikova, Lenka"]
[Result "0-1"]
[WhiteElo "2145"]
[BlackElo "2185"]
[PlyCount "154"]
[EventDate "1995.??.??"]
[Source "www.chesslib.no"]
[SourceDate "2004.05.04"]

1. e4 c5 2. Nf3 Nc6 3. d4 cxd4 4. Nxd4 Nf6 5. Nc3 e6 6. Ndb5 Bb4 7. Nd6+ Ke7 8. Nxc8+ Rxc8 9. Bd3 d5 10. exd5 Qxd5 11. O-O Qh5 12. Be2 Qe5 13. Be3 Rhd8 14. Qc1 Bxc3 15. bxc3 Qxc3 16. Rb1 b6 17. Rb3 Nd4 18. Qa3+ Qc5 19. Qxa7+ Rc7 20. Bxd4 Rxd4 21. Qa6 Qxc2 22. Qxb6 Rd6 23. Qb8 Nd7 24. Qb5 Rc5 25. Rb2 Qe4 26. Qb4 Qxb4 27. Rxb4 Rc2 28. Bc4 Nc5 29. Bb3 Nxb3 30. axb3 Rb2 31. g3 Rd3 32. Rb7+ Kf6 33. Rc1 Rf3 34. Rf1 e5 35. b4 Kg6 36. b5 Rd3 37. Re1 Rdd2 38. Rf1 e4 39. Re7 Re2 40. g4 Rxb5 41. Kg2 Rg5 42. Kg3 h5 43. h3 hxg4 44. hxg4 Ra5 45. Kf4 Ra4 46. Kg3 Ra3+ 47. Kg2 Ra6 48. Kg3 Rf6 49. Re8 Rf3+ 50. Kg2 Rb3 51. Re5 Rd3 52. Rb5 Rc2 53. Kg1 e3 54. fxe3 Rxe3 55. Rb4 Rg3+ 56. Kh1 f6 57. Rf5 Rd3 58. Kg1 Rdd2 59. Ra4 Rg2+ 60. Kf1 Rg3 61. Rb4 Rcg2 62. Rff4 Rc2 63. Rf5 Rh2 64. Ra4 Rb3 65. Kg1 Rd2 66. Rc4 Rb1+ 67. Rf1 Rxf1+ 68. Kxf1 Kg5 69. Kg1 Kh4 70. Rc7 Kg3 71. Kf1 Rf2+ 72. Kg1 g5 73. Rc3+ Rf3 74. Rc4 Rf4 75. Rc3+ Kxg4 76. Kg2 Rd4 77. Rg3+ Kf4 0-1

[Event "BL 0203 (Women)"]
[Site "?"]
[Date "2002.11.30"]
[Round "3.5"]
[White "Roessler Ulrike"]
[Black "Bakalarz Grazyna"]
[Result "1-0"]
[WhiteElo "2207"]
[BlackElo "2107"]
[PlyCount "39"]
[EventDate "2002.??.??"]
[Source "www.chesslib.no"]
[SourceDate "2004.05.04"]

1. e4 c5 2. Nf3 Nc6 3. d4 cxd4 4. Nxd4 Nf6 5. Nc3 e6 6. Ndb5 Bb4 7. Nd6+ Bxd6 8. Qxd6 Qe7 9. Bf4 a6 10. O-O-O Qxd6 11. Bxd6 Ng4 12. Rd2 f6 13. Na4 b5 14. Nb6 Bb7 15. Nxa8 Bxa8 16. a4 bxa4 17. Bxa6 Nce5 18. f3 Nh6 19. Bxe5 fxe5 20. Bb5 1-0

[Event "Lisbon Mestres-B"]
[Site "Lisbon POR"]
[Date "1995.??.??"]
[Round "3"]
[White "Pereira, Joao"]
[Black "Charneira, Hermenegildo"]
[Result "1-0"]
[WhiteElo "2140"]
[BlackElo "2145"]
[PlyCount "35"]
[EventDate "1995.??.??"]
[Source "www.chesslib.no"]
[SourceDate "2004.05.04"]

1. e4 c5 2. Nf3 e6 3. d4 cxd4 4. Nxd4 Nf6 5. Nc3 Nc6 6. Ndb5 Bb4 7. Nd6+ Ke7 8. Bf4 Qa5 9. Qd2 Nxe4 10. Ndxe4 d5 11. Bd6+ Bxd6 12. Qg5+ Kd7 13. Nxd6 Kxd6 14. Qxg7 Bd7 15. O-O-O Rhg8 16. Qxf7 a6 17. Qf4+ Kc5 18. Na4+ 1-0

[Event "St Heliers op"]
[Site "St Heliers"]
[Date "1997.??.??"]
[Round "2"]
[White "Wojciechowski, Paul"]
[Black "Duggan, Michael"]
[Result "1/2-1/2"]
[WhiteElo "2215"]
[BlackElo "2065"]
[PlyCount "20"]
[EventDate "1997.??.??"]
[Source "www.chesslib.no"]
[SourceDate "2004.05.04"]

1. e4 c5 2. Nf3 e6 3. d4 cxd4 4. Nxd4 Nf6 5. Nc3 Nc6 6. Ndb5 Bb4 7. Nd6+ Kf8 8. a3 Bc5 9. Bg5 Qb6 10. Qd2 Qxb2 1/2-1/2

[Event "Almendralejo Honor tt"]
[Site "?"]
[Date "2003.02.08"]
[Round "3.1"]
[White "Sanchez Silva Luis Agapito"]
[Black "Fragoso Martinez Pedro Magin"]
[Result "0-1"]
[WhiteElo "2173"]
[BlackElo "2104"]
[PlyCount "92"]
[EventDate "2003.??.??"]
[Source "www.chesslib.no"]
[SourceDate "2004.05.04"]

1. e4 c5 2. Nf3 e6 3. d4 cxd4 4. Nxd4 Nf6 5. Nc3 Nc6 6. Ndb5 Bb4 7. Nd6+ Ke7 8. Nxc8+ Rxc8 9. Bd3 d5 10. exd5 Nxd5 11. O-O Nxc3 12. bxc3 Bxc3 13. Rb1 Rc7 14. Ba3+ Ke8 15. Qg4 h5 16. Qa4 Qd7 17. Rfd1 Qc8 18. Bd6 Rd7 19. Be4 f5 20. Bf3 g5 21. Qc4 Ne7 22. Qxe6 g4 23. Be2 a6 24. Re1 Qc6 25. Bb5 axb5 26. Qg6+ Kd8 27. Rxe7 Qxd6 28. Rxd7+ Qxd7 29. Qb6+ Kc8 30. Qc5+ Qc6 31. Qxf5+ Kb8 32. Rxb5 Re8 33. Rb1 Qe6 34. Qf4+ Qe5 35. Qxe5+ Rxe5 36. Kf1 Kc7 37. g3 Kc6 38. Rb3 Re1+ 39. Kg2 Bd4 40. Rd3 Bc5 41. Rd2 Ra1 42. c4 Rc1 43. Rd5 Rc2 44. Rf5 Rxa2 45. Rxh5 Rxf2+ 46. Kg1 Rf5+ 0-1

[Event "Wch U12"]
[Site "Oropesa del Mar"]
[Date "2000.10.13"]
[Round "3"]
[White "Mamedov, Rauf"]
[Black "Vicol, Dorian"]
[Result "1-0"]
[WhiteElo "2230"]
[BlackElo "2043"]
[PlyCount "69"]
[EventDate "2000.10.11"]
[Source "www.chesslib.no"]
[SourceDate "2004.05.04"]

1. e4 c5 2. Nf3 e6 3. d4 cxd4 4. Nxd4 Nf6 5. Nc3 Nc6 6. Ndb5 Bb4 7. Nd6+ Ke7 8. Nxc8+ Rxc8 9. Bd3 d5 10. exd5 Qxd5 11. O-O Qh5 12. Qxh5 Nxh5 13. Bd2 Nf6 14. a3 Ba5 15. Rfe1 Rhd8 16. Rad1 h6 17. h3 Kf8 18. b4 Bb6 19. Na4 Bc7 20. Nc5 b6 21. Nb3 Nd5 22. Ba6 Rb8 23. Bb5 Nce7 24. g3 Nf5 25. Bd3 Nd6 26. c4 Nf6 27. Bf4 Nde8 28. Bxc7 Nxc7 29. Bf1 Ke7 30. Nd4 Kf8 31. Nc6 Rxd1 32. Rxd1 Re8 33. Bg2 a6 34. a4 b5 35. c5 1-0

[Event "Miskolc Avas op"]
[Site "Miskolc"]
[Date "1998.??.??"]
[Round "1"]
[White "Isepy, Jozsef"]
[Black "Hidegh, Gabor"]
[Result "1-0"]
[WhiteElo "2195"]
[BlackElo "2075"]
[PlyCount "121"]
[EventDate "1998.09.??"]
[Source "www.chesslib.no"]
[SourceDate "2004.05.04"]

1. e4 c5 2. Nf3 Nc6 3. d4 cxd4 4. Nxd4 Nf6 5. Nc3 e6 6. Ndb5 Bb4 7. Nd6+ Ke7 8. Bf4 Ne8 9. Nxe8 Rxe8 10. Bd3 Qa5 11. O-O Kf8 12. a3 Bxc3 13. bxc3 Kg8 14. e5 Ne7 15. Re1 Ng6 16. Bg3 b5 17. h4 Bb7 18. h5 Ne7 19. Qg4 Rac8 20. Bh4 Qa4 21. c4 Rxc4 22. Bxc4 Qxc4 23. Qxc4 bxc4 24. Bxe7 Rxe7 25. Rab1 Bc8 26. Rb8 Re8 27. Re4 Kf8 28. Rxc4 Ba6 29. Rxe8+ Kxe8 30. Rc7 Be2 31. Rxa7 Bxh5 32. a4 Bg6 33. c4 Be4 34. a5 Bc6 35. Ra6 Kd8 36. c5 f6 37. f4 Kc8 38. Rb6 Bb7 39. a6 Ba8 40. g3 h6 41. Kf2 f5 42. Kg1 g5 43. Kh2 g4 44. Kg1 Kc7 45. Kf2 h5 46. a7 Bb7 47. Ke3 Kc8 48. Rb2 Kc7 49. Ra2 Ba8 50. Rb2 Bb7 51. Kd4 Kc8 52. Rh2 Bc6 53. Rb2 Bb7 54. Kc4 Ba6+ 55. Kc3 Bb7 56. Kb4 Kd8 57. Ka5 Kc7 58. Rh2 Bc6 59. Rxh5 Kb7 60. a8=Q+ Kxa8 61. Kb6 1-0

[Event "Sao Paulo State-ch4"]
[Site "Santos"]
[Date "1998.??.??"]
[Round "5"]
[White "Nagashima, Carlos Alberto"]
[Black "Gimenez, Jayme Augusto"]
[Result "0-1"]
[WhiteElo "2050"]
[BlackElo "2210"]
[PlyCount "91"]
[EventDate "1998.??.??"]
[Source "www.chesslib.no"]
[SourceDate "2004.05.04"]

1. e4 c5 2. Nf3 Nc6 3. d4 cxd4 4. Nxd4 Nf6 5. Nc3 e6 6. Ndb5 Bb4 7. Nd6+ Ke7 8. Nxc8+ Rxc8 9. Bd3 d5 10. exd5 Qxd5 11. O-O Qh5 12. Qxh5 Nxh5 13. Ne4 Nf6 14. c3 Rcd8 15. cxb4 Rxd3 16. Nc5 Rd5 17. Nxb7 Rb8 18. Na5 Nxb4 19. Nc4 Nc2 20. Rb1 Rc5 21. Ne3 Ne4 22. Nxc2 Rxc2 23. f3 Nf6 24. Rf2 Rbc8 25. Rxc2 Rxc2 26. Be3 a6 27. a4 Nd5 28. Bd4 Nf4 29. Bf2 a5 30. Kf1 e5 31. Be1 Rxg2 32. Bxa5 Rxh2 33. Bb6 Kd7 34. Kg1 Rg2+ 35. Kf1 Kc6 36. Be3 Rc2 37. b4 Nd5 38. b5+ Kb7 39. Bf2 Nc3 40. Ra1 Ra2 41. Rxa2 Nxa2 42. Bc5 Nc3 43. Bf8 g6 44. Bg7 Nxa4 45. Bxe5 Kb6 46. Kg2 0-1

[Event "Detroit, MI"]
[Site "?"]
[Date "1997.12.14"]
[Round "4"]
[White "Baze Lineas"]
[Black "Finegold Ron"]
[Result "1-0"]
[WhiteElo "2120"]
[BlackElo "2140"]
[PlyCount "66"]
[EventDate "1997.??.??"]
[Source "www.chesslib.no"]
[SourceDate "2004.05.04"]

1. e4 c5 2. Nf3 Nc6 3. d4 cxd4 4. Nxd4 Nf6 5. Nc3 e6 6. Ndb5 Bb4 7. Nd6+ Ke7 8. Bf4 e5 9. Nf5+ Kf8 10. Bd2 Bxc3 11. bxc3 d5 12. exd5 Bxf5 13. dxc6 bxc6 14. Bc4 Bg4 15. f3 Bf5 16. O-O Qd7 17. Qc1 Kg8 18. Be3 h6 19. Rd1 Qc7 20. Qa3 Kh7 21. Bc5 Rhe8 22. Bd6 Qb6+ 23. Kh1 e4 24. Bxf7 exf3 25. gxf3 Re2 26. Qc5 Qxc5 27. Bxc5 Bh3 28. Bc4 Re5 29. Bd4 Rg5 30. Rg1 Rxg1+ 31. Rxg1 Nh5 32. Bf2 Rf8 33. Bxa7 Nf4 1-0